00325nam a2200121Ia 4500008004100000041000800041082001200049100002000061245004500081260003500126300003100161365001100192240624s9999 xx 000 0 und d aeng a823 ARM aARMSTRONG KAREN aBATTLE FOR GOD FUNDAMENTALISM IN JUDAISM c2000aNew DelhibHarperCollins axvi, : 442 : p. : cm. ; 20 cRSb25